Beyond the office window: (Record no. 515572)

000 -LEADER
fixed length control field 00272nam a22000977a 4500
082 ## - DEWEY DECIMAL CLASSIFICATION NUMBER
Classification number TNC A6x54 P192
100 ## - MAIN ENTRY--PERSONAL NAME
Personal name Pande, A. K.
9 (RLIN) 21253
245 ## - TITLE STATEMENT
Title Beyond the office window:
Remainder of title Discovery of Indian ethos
Statement of responsibility, etc by A. K. Pande
260 ## - PUBLICATION, DISTRIBUTION, ETC. (IMPRINT)
Place of publication, distribution, etc New Delhi
Name of publisher, distributor, etc Konark
Date of publication, distribution, etc 2010
300 ## - PHYSICAL DESCRIPTION
Extent 178p.
Holdings
Withdrawn status Lost status Source of classification or shelving scheme Damaged status Koha normalized classification for sorting Not for loan Permanent location Current location Date acquired Full call number Barcode Date last seen Price effective from Koha item type
        TNC_A6X54_P192   Indian Institute of Public Administration Indian Institute of Public Administration 2021-02-02 TNC A6x54 P192 GR22588 2021-02-02 2021-02-02 GR

Powered by Koha